Logo BPK

Biblioteka

Politechniki Koszalińskiej

Modele matematyczne elementów systemu elektroenergetycznego / (Rekord nr 17365)

Szczegóły MARC
000 -ETYKIETA REKORDU
podpole kontrolne o stałej długości 00410nam a2200157 i 4500
001 - NUMER KONTROLNY REKORDU
pole kontrolne bg
040 ## - ŹRÓDŁO KATALOGOWANIA
Instytucja, która utworzyła rekord BPK
041 ## - KOD JĘZYKA
Kod języka tekstu pol
080 ## - UNIWERSALNA KLASYFIKACJA DZIESIĘTNA - UKD
UKD 621.31
008 - POLE O STAŁEJ DŁUGOŚCI - DANE KONTROLNE
podpole kontrolne o stałej długości s pl f |000 0 pol
100 1# - NAZWA OSOBOWA
Nazwa osobowa BERNAS, Stefan
245 #0 - TYTUŁ/ODPOWIEDZIALNOŚĆ
Tytuł Modele matematyczne elementów systemu elektroenergetycznego /
Pozostałe elementy strefy tytułu i oznaczenia odpowiedzialności Stefan Bernas, Zbigniew Ciok.
260 ## - STREFA ADRESU WYDAWNICZEGO
Miejsce wydania Warszawa,
Data publikacji, dystrybucji/powstania dokumentu 1977.
700 1# - HASŁO DODATKOWE - NAZWA OSOBOWA
Nazwa osobowa CIOK, Zbigniew
856 ## - LOKALIZACJA I DOSTĘP DO ELEKTRONICZNYCH DOKUMENTÓW ZDALNYCH
Link (URL) http://koha.tu.koszalin.pl/cgi-bin/koha/opac-detail.pl?biblionumber=17365
Tekst linku Katalog online BPK
942 ## - DODATKOWE ELEMENTY (KOHA)
Typ dokumentu Książka
Egzemplarze
Wycofany Status egzemplarza Uszkodzony Dostępność Lokalizacja stała Lokalizacja bieżąca Miejsce przechowywania Sygnatura Kod kreskowy Status: wypożyczony Ostatnio wypożyczono Typ dokumentu
      Dostępny Biblioteka Politechniki Koszalińskiej Biblioteka Politechniki Koszalińskiej Wypożyczalnia BG 22097 02076348 19.03.2027 19.03.2026 Książka
      Dostępny Biblioteka Politechniki Koszalińskiej Biblioteka Politechniki Koszalińskiej Wypożyczalnia BG 22098 01680850 19.02.2027 18.02.2026 Książka
© 2023 Biblioteka Politechniki Koszalińskiej :: KOHA